000 00701nam a2200217Ii 4500
003 JO-AjNU
008 230605s9999||||xx |||||||||||||| ||und||
017 _a20/4087
020 _a9960-33-303-5
040 _aJO-AjNU
_bara
_erda
_cJO-AjNU
041 _aara
050 1 4 _aPJ7542 2000
100 3 _aالمطيري، حبيب بن معلا,
_eauthor
_949122
245 0 0 _aنوافذ الشمس: شعر
264 3 1 _aالرياض: دار القاسم للنشر، 2000
300 _a63ص
336 _atext
_btxt
_2rdacontent
337 _aunmediated
_bn
_2rdamedia
338 _avolume
_bnc
_2rdacarrier
650 4 _aالشعر العربي - الشعر الإسلامي - السعودية
_949123
999 _aA21556
_c25124
_d25124